书目信息 |
| 题名: |
环球英语教程
|
|
| 作者: | 斯坦普尔斯基 , 柯蒂斯 , 摩根 编 | |
| 分册: | 4 教师用书 | |
| 出版信息: | 上海 上海外语教育出版社 2006.08 |
|
| 页数: | 213页 | |
| 开本: | 28cm | |
| 丛书名: | ||
| 单 册: | ||
| 中图分类: | H31 | |
| 科图分类: | ||
| 主题词: | 英语--ying yu--教材 | |
| 电子资源: | ||
| ISBN: | 7-5446-0137-4 | |
| 000 | 01188nam0 2200277 450 | |
| 001 | 012006102250 | |
| 005 | 20070611165512.93 | |
| 010 | @a7-5446-0137-4@dCNY70.00 | |
| 100 | @a20061014d2006 km y0chiy0120 ea | |
| 101 | 0 | @achi@aeng |
| 102 | @aCN@b310000 | |
| 105 | @aac z 000yy | |
| 200 | 1 | @a环球英语教程@Ahuan qiu ying yu jiao cheng@h4@i教师用书@fSusan Stempleski … [等]@FSusan Stempleski …[deng] |
| 210 | @a上海@c上海外语教育出版社@d2006.08 | |
| 215 | @a213页@c图, 肖像@d28cm | |
| 304 | @a责任者还有: Andy Curtis、James R. Morgan、Nancy Douglas、Kristin L. Johannsen | |
| 314 | @a责任者Stempleski规范汉译姓: 斯坦普尔斯基; 责任者Curtis规范汉译姓:柯蒂斯;道格拉斯责任者Morgan规范汉译姓: 摩根 | |
| 330 | @a本书是从美国引进的英语立体化教材,以增强英语表达能力和准确程度为中心目的,适合成人英语培训和有一定基础的英语自学者使用。本书为教师用书。 | |
| 517 | 1 | @a教师用书@Ajiao shi yong shu |
| 606 | 0 | @a英语@Aying yu@j教材 |
| 690 | @aH31@v4 | |
| 701 | 1 | @a斯坦普尔斯基@Asi tan pu er si ji@g(Stempleski, Susan)@4编 |
| 701 | 1 | @a柯蒂斯@Ake di si@g(Curtis, Andy)@4编 |
| 701 | 1 | @a摩根@Amo gen@g(Morgan, James R.)@4编 |
| 801 | 0 | @aCN@c20070611 |
| 905 | @a10447@dH31@eS709:4 | |
| 环球英语教程.4.教师用书/Susan Stempleski … [等].-上海:上海外语教育出版社,2006.08 |
| 213页:图, 肖像;28cm |
| ISBN 7-5446-0137-4:CNY70.00 |
| 本书是从美国引进的英语立体化教材,以增强英语表达能力和准确程度为中心目的,适合成人英语培训和有一定基础的英语自学者使用。本书为教师用书。 |
| ● |
| 相关链接 |
|
|
|
正题名:环球英语教程
索取号:H31/S709:4
 
预约/预借
| 序号 | 登录号 | 条形码 | 馆藏地/架位号 | 状态 | 备注 |
| 1 | 232266 | 202322664 | 语言库209/209语言库 86排1列6层/ [索取号:H31/S709:4] | 在馆 | |
| 2 | 232267 | 202322673 | 语言库209/209语言库 86排1列6层/ [索取号:H31/S709:4] | 在馆 | |
| 3 | 232268 | 202322682 | 语言库209/209语言库 86排1列6层/ [索取号:H31/S709:4] | 在馆 |